Desastres, crecimiento económico y respuesta fiscal en los países de América Latina y el Caribe, 1972-2010 (Registro nro. 49908)
[ vista simple ]
| 000 -CABECERA | |
|---|---|
| Longitud fija campo de control | 01138naa a2200301 c 4500 |
| 001 - NÚMERO DE CONTROL | |
| Número de control | 49908 |
| 003 - IDENTIFICADOR DE NÚMERO DE CONTROL | |
| Identificador del número de control | ES-MaCES |
| 005 - FECHA Y HORA DE LA ÚLTIMA TRANSACCIÓN | |
| Fecha y hora de la última transacción | 20170907151331.0 |
| 008 - CAMPO FIJO DE DESCRIPCIÓN FIJA--INFORMACIÓN GENERAL | |
| Códigos de información de longitud fija | 170907s2017 cl ||||| t||||||| ||spa d |
| 040 ## - FUENTE DE CATALOGACIÓN | |
| Centro catalogador de origen | ES-MaCES |
| Lengua de catalogación | spa |
| Centro transcriptor | ES-MaCES |
| Centro modificado | ES-MaCES |
| 100 1# - ENCABEZAMIENTO PRINCIPAL--NOMBRE PERSONAL | |
| 9 (RLIN) | 38510 |
| Nombre de persona | Bello, Omar D. |
| 245 10 - MENCIÓN DE TÍTULO | |
| Título | Desastres, crecimiento económico y respuesta fiscal en los países de América Latina y el Caribe, 1972-2010 |
| Mención de responsabilidad, etc. | Omar D. Bello |
| 500 ## - NOTA GENERAL | |
| Nota general | Resumen |
| 504 ## - NOTA DE BIBLIOGRAFÍA, ETC. | |
| Nota de bibliografía, etc. | Bibliografía: p. 29-30 |
| 650 #4 - ASIENTO SECUNDARIO DE MATERIA--TÉRMINO DE MATERIA | |
| 9 (RLIN) | 28728 |
| Término de materia o nombre geográfico como elemento inicial | catástrofe natural |
| 650 #4 - ASIENTO SECUNDARIO DE MATERIA--TÉRMINO DE MATERIA | |
| 9 (RLIN) | 27082 |
| Término de materia o nombre geográfico como elemento inicial | consecuencias económicas |
| 650 #4 - ASIENTO SECUNDARIO DE MATERIA--TÉRMINO DE MATERIA | |
| 9 (RLIN) | 27094 |
| Término de materia o nombre geográfico como elemento inicial | crecimiento económico |
| 650 #4 - ASIENTO SECUNDARIO DE MATERIA--TÉRMINO DE MATERIA | |
| 9 (RLIN) | 29369 |
| Término de materia o nombre geográfico como elemento inicial | producto interior bruto |
| 650 #4 - ASIENTO SECUNDARIO DE MATERIA--TÉRMINO DE MATERIA | |
| 9 (RLIN) | 29234 |
| Término de materia o nombre geográfico como elemento inicial | desarrollo económico y social |
| 650 #4 - ASIENTO SECUNDARIO DE MATERIA--TÉRMINO DE MATERIA | |
| 9 (RLIN) | 28082 |
| Término de materia o nombre geográfico como elemento inicial | política fiscal |
| 650 #4 - ASIENTO SECUNDARIO DE MATERIA--TÉRMINO DE MATERIA | |
| 9 (RLIN) | 28076 |
| Término de materia o nombre geográfico como elemento inicial | gasto público |
| 650 #4 - ASIENTO SECUNDARIO DE MATERIA--TÉRMINO DE MATERIA | |
| 9 (RLIN) | 28087 |
| Término de materia o nombre geográfico como elemento inicial | recaudación de impuestos |
| 650 #4 - ASIENTO SECUNDARIO DE MATERIA--TÉRMINO DE MATERIA | |
| 9 (RLIN) | 26882 |
| Término de materia o nombre geográfico como elemento inicial | América Latina |
| 653 10 - TÉRMINO DE INDEXACIÓN--NO CONTROLADO | |
| Término no controlado | Desarrollo regional |
| 773 0# - ENTRADA DE DOCUMENTO FUENTE | |
| Itemnumber del ítem fuente | 86241 |
| Lugar, editor y fecha de publicación | Santiago de Chile Naciones Unidas |
| Otro identificador del documento | 089138 |
| Título | Revista de la CEPAL |
| Número de control del registro relacionado | (ES-MaCES)25729 |
| Parte(s) relacionada(s) | n. 121 (abr. 2017) {10247 R. 089138} ;p. 7-30 |
| 902 ## - CES. TIPO DE DOCUMENTO | |
| Tipodoc (006$c Sirtex) | ART Artículo de revista |
| 942 ## - ELEMENTOS KOHA | |
| Fuente de clasificaión o esquema | Clasificación propia del CES |
| Koha [por defecto] tipo de item | Artículos (1982-2017) |
| Parte de clasificación | Desarrollo Regional |
No hay ítems disponibles.
